| 000 | 00676nam a2200241Ia 4500 | ||
|---|---|---|---|
| 003 | 0100 | ||
| 008 | 130227s9999 xx 000 0 und d | ||
| 020 | _a0231062214 | ||
| 040 | _cARRUPELIB | ||
| 050 | _aHQ1206.N7 1986 | ||
| 100 | _aNicholson, Linda J. | ||
| 245 | _aGender and history | ||
| 245 | _bThe limits of social theory in the age of the family | ||
| 260 | _aNew York | ||
| 260 | _bColumbia University Press | ||
| 260 | _C1986 | ||
| 300 | _ax | ||
| 300 | _b 238p 23cm | ||
| 650 | _bUnites States- Social conditions- 1960- Addresses | ||
| 650 | _cCities and towns- United States- Addresses | ||
| 650 | _dSocial interaction- Addresses | ||
| 942 |
_2lcc _01 |
||
| 999 |
_c5849 _d5849 |
||